[Event "JBLN Ost 0102"]
[Site "Germany"]
[Date "2001.10.20"]
[Round "?"]
[White "Rother, Berit"]
[Black "Kachibadze, Georg"]
[Result "1-0"]
[WhiteElo "1079"]
[BlackElo "1204"]
[PlyCount "63"]
[EventDate "2002.10.??"]
[EventType "team"]
[EventRounds "9"]
[EventCountry "GER"]
[SourceTitle "EXT 2005"]
[Source "ChessBase"]
[SourceDate "2004.11.15"]
[SourceVersion "1"]
[SourceVersionDate "2004.11.15"]
[SourceQuality "1"]

1. e4 c5 2. Nc3 Nc6 3. Bc4 e6 4. d3 Nf6 5. Bg5 h6 6. Bh4 Be7 7. Nf3 Ng8 8. Bg3 d6 9. Qe2 b6 10. Bb5 Bb7 11. 0-0 a6 12. Ba4 Rc8 13. a3 b5 14. Bb3 Qd7 15. Qe3 Bd8 16. e5 d5 17. Qxc5 Nxe5 18. Qe3 Nxf3+ 19. Qxf3 d4 20. Ne4 Nf6 21. Be5 Bxe4 22. dxe4 0-0 23. Rad1 Qb7 24. Rfe1 Ba5 25. Re2 Nd7 26. Bxd4 e5 27. Be3 Nf6 28. Bc1 Bb6 29. c3 Rfd8 30. Rde1 a5 31. Qg3 Nh5 32. Qxe5 1-0